Normal view
MARC view
- اللجمي ، اديب/ م. مشارك سيف الدين البغدادي
Entry Personal Name
001 - CONTROL NUMBER
- control field: 36805
003 - CONTROL NUMBER IDENTIFIER
- control field: JO-AjAnu
005 - DATE AND TIME OF LATEST TRANSACTION
- control field: 20230606080137.0
008 - FIXED-LENGTH DATA ELEMENTS
- fixed length control field: 230606|| aca||aabn | a|a d
040 ## - CATALOGING SOURCE
- Original cataloging agency: JO-AjAnu
- Transcribing agency: JO-AjAnu
100 ## - HEADING--PERSONAL NAME
- Personal name: اللجمي ، اديب/ م. مشارك سيف الدين البغدادي
670 ## - SOURCE DATA FOUND
- Source citation: Work cat.: (JO-AjAnu)18892: اللجمي ، اديب/ م. مشارك سيف الدين البغدادي , author, الاتجاهات الرئيسية للبحث قي العلوم الاجتماعية والانسانية القسم الاول -العلوم الاجتماعية، مج3